Cell and molecular biology (Record no. 85739)

MARC details
000 -LEADER
fixed length control field 00421pam a2200157 a 4500
020 ## - INTERNATIONAL STANDARD BOOK NUMBER
International Standard Book Number 9788184734508
Terms of availability
040 ## - CATALOGING SOURCE
Original cataloging agency TRPR_799004
041 ## - LANGUAGE CODE
Language code of text/sound track or separate title eng
100 ## - MAIN ENTRY--PERSONAL NAME
Personal name De Robertis, Eduardo D. P
245 ## - TITLE STATEMENT
Title Cell and molecular biology
Statement of responsibility, etc. E.D.P. De Robertis, E.M.F. De Robertis, Jr
250 ## - EDITION STATEMENT
Edition statement 8th ed
260 ## - PUBLICATION, DISTRIBUTION, ETC.
Place of publication, distribution, etc. New Delhi
Name of publisher, distributor, etc. Wolters Kluwer
Date of publication, distribution, etc. 2011
300 ## - PHYSICAL DESCRIPTION
Extent xxix, 734 p
700 ## - ADDED ENTRY--PERSONAL NAME
Personal name De Robertis, E. M. F
930 ## - EQUIVALENCE OR CROSS-REFERENCE-UNIFORM TITLE HEADING [LOCAL, CANADA]
Uniform title 8833
Holdings
Withdrawn status Lost status Damaged status Not for loan Collection Home library Current library Date acquired Source of acquisition Cost, normal purchase price Total Checkouts Full call number Barcode Date last seen Copy number Price effective from Koha item type
          Yashwantrao Mohite College of Arts, Science And Commerce, Pune Yashwantrao Mohite College of Arts, Science And Commerce, Pune 04/06/2021 Bharati Sahakari Madhyavarti Grahak Bhandar 995.00   YMP-38956 24/02/2023 1 24/02/2023 Book